000 00472 a2200169 4500
005 20260309135713.0
008 260108b |||||||| |||| 00| 0 eng d
020 _a9780857428974
080 _a820-2
_bLOZ/N
100 _aLoza,Santiago
245 _aNothing to do with love
_b: And other plays
260 _bSeagull books.
_aCalcutta.
_c2021.
300 _a199p.
653 _aDrama-English Literature
700 _aSamuel Buggeln and Noe Montez; ed.by
942 _cOO
999 _c114840
_d114839